000 00731nam a2200289 a 4500
003 AR-BaBNM
005 20251128203607.0
008 082120s2002 ||||||||||||||000 | spa||
040 _cAR-BaBNM
100 1 _aBelloc, Hilaire
245 0 0 _aEuropa y la fe
260 _aBuenos Aires
_bSudamericana
_c1967
300 _a271 p.
490 0 _aPiragua. Ensayos
650 4 _aHISTORIA MEDIEVAL
650 4 _aRELIGION
650 4 _aREFORMA
650 4 _aCRISTIANISMO
650 4 _aHISTORIA EUROPEA
650 4 _aCULTURAS EUROPEAS
650 4 _aHISTORIA MODERNA
650 4 _aHISTORIA DE LAS RELIGIONES
650 4 _aHISTORIA Y ESTUDIOS CONEXOS
700 1 _aLanĂºs, E.A.
_etraductor
942 _cBK
998 _cmariana
999 _c4055
_d4055